MARC

LEADER 00000nam0a2200000 4500
001 250651
005 20231101232602.0
035 |a (RuTPU)RU\TPU\book\272868 
090 |a 250651 
100 |a 20140214d1960 m y0rusy50 ca 
101 0 |a rus 
102 |a RU 
105 |a a j 000zy 
200 1 |a Химия  |e учебник для техникумов  |f А. И. Блохина 
210 |a Москва  |c Высшая школа  |d 1960 
215 |a 352 с.  |c ил. 
606 1 |a Химия  |2 stltpush  |3 (RuTPU)RU\TPU\subj\17362  |9 43035 
610 1 |a учебники 
610 1 |a атомно-молекулярное учение 
610 1 |a химические реакции 
610 1 |a валентность 
610 1 |a неорганические соединения 
610 1 |a вода 
610 1 |a водород 
610 1 |a кислород 
610 1 |a химические растворы 
610 1 |a электролитическая диссоциация 
610 1 |a щелочные металлы 
610 1 |a галогены 
610 1 |a периодический закон 
610 1 |a периодическая система элементов 
610 1 |a химические соединения 
610 1 |a неметаллы 
610 1 |a металлы 
610 1 |a атомная энергия 
675 |a 54(075.32)  |v 3 
700 1 |a Блохина  |b А. И.  |g Агриппина Ивановна 
801 1 |a RU  |b 63413507  |c 20140214 
801 2 |a RU  |b 63413507  |c 20140218  |g RCR 
942 |c BK